000
00234nam a2200097Ia 4500
001
977530
005
20250826220728.0
008
250824s9999 xx 000 0 und d
245
0
_a
SİMRU
_c
KAHRAMAN TAZEOĞLU
260
_b
DESTEK YAYINLARI
999
_c
977530
_d
977530